| 000 | 00801nam a2200229Ia 4500 | ||
|---|---|---|---|
| 003 | OSt | ||
| 005 | 20250219095213.0 | ||
| 008 | 210716s2010 xx 000 0 und d | ||
| 020 | _a9789350232002 | ||
| 040 | _cAIMIT LIBRARY | ||
| 041 | _aeng | ||
| 082 |
_a006.676 _21 _b DEAF |
||
| 100 |
_aDearle, Fergal. _9201039 |
||
| 245 |
_aGroovy for domain specific languages : _bextend and enhance your java applications with domain specific languages in groovy / _cBy Fergal Dearle. |
||
| 250 | _a1st ed. | ||
| 260 |
_aNew Delhi : _bShroff Publishers and Distributors Pvt Ltd , _c2010. |
||
| 300 |
_avi,295p. ; _bPB _c23.5 cm |
||
| 650 |
_aGroovy quick start _9201040 |
||
| 650 |
_aPower groovy DSL features _9201041 |
||
| 650 |
_aImplementing a rules DSL _9201042 |
||
| 942 |
_2ddc _cBK _e1st _k006.676 DEAF |
||
| 999 |
_c191895 _d191895 |
||